Obytný súbor Tarjane

Guardado en:
Detalles Bibliográficos
Autor principal: Nemček, Martin (Autor)
Otros Autores: Funtík, Tomáš (Orientador)
Formato: Manuscrito Libro
Lenguaje:eslovaco
Publicado: 2015
Materias:
Acceso en línea:http://is.stuba.sk/zp/portal_zp.pl?podrobnosti=109852
https://opac.crzp.sk/?fn=detailBiblioForm&sid=78283B71680DBAF21543D41D22D4
Etiquetas: Agregar Etiqueta
Sin Etiquetas, Sea el primero en etiquetar este registro!

MARC

LEADER 00000ntm a22000003a 4500
001 stuzp53422
003 SK-STU
005 20231026092843.7
007 ta
008 150427s2015----xo-----f-mn---000-0-slo-d
040 |a STU  |b slo 
041 0 |a slo 
100 1 |a Nemček, Martin  |u 010270  |4 aut  |U SvF Stavebná fakulta  |T SvF Katedra technológie stavieb  |X 7603  |U V270  |Y 28  |7 A000007603 
242 0 1 |a Residential area Tarjanne  |y eng 
245 1 0 |a Obytný súbor Tarjane 
260 |c 2015 
650 4 |a technická správa k ZS  |2 slo 
650 4 |a Tarjanne  |2 slo 
650 4 |a stropné debnenie  |2 slo 
650 4 |a BIM  |2 slo 
650 4 |a 3D simulácia  |2 slo 
650 4 |a zariadenie staveniska  |2 slo 
650 4 |a časový plán  |2 slo 
650 4 |a debnenie pomocou BIM  |2 slo 
650 4 |a slab formwork  |2 eng 
650 4 |a BIM  |2 eng 
650 4 |a slab formwork with BIM  |2 eng 
700 1 |a Funtík, Tomáš  |4 ths  |X 22617  |7 A000022617 
856 4 |u http://is.stuba.sk/zp/portal_zp.pl?podrobnosti=109852 
856 4 |u https://opac.crzp.sk/?fn=detailBiblioForm&sid=78283B71680DBAF21543D41D22D4 
SQL |a stuzp53422  |b DDP  |c SLO  |d Obytný súbor Tarjane  |e 7603  |f Nemček, Martin  |g 010270  |h 22617  |i Funtík, Tomáš  |j 20150618  |k 681  |l 01  |m http://is.stuba.sk/zp/portal_zp.pl?podrobnosti=109852  |n I-TS  |o 5.2.8. stavebníctvo